Quizzes
Events
Quiz Creation
Community
Videos
Private Events
Remove Ads
Sign In
Join for FREE
Feedback
Dark Mode
Quiz Categories
Sports
Geography
Music
Movies
Television
Just For Fun
Miscellaneous
History
Literature
Language
Science
Gaming
Entertainment
Religion
Holiday
For Kids
Quiz Lab
Recent
Popular Today
Quiz Kudos Today
Editor Picks
Curator Picks
Quizzes by...
Day
Popularity
Type
Ratings
Length
Year
Community
Subscriptions
Recent Discussions
Orange Saloon
Badges
Playlists
Quests
Create
Leaderboards
Showdown
Live 5
Trivia Bingo
Activity
Puzzle Library
Sporcle Events
Private Events
Virtual Trivia
Globe League
Become a Host
Pub Owners
SporcleCon
Opinionation
Our Games
Videos
Blog
Mobile Apps
Partnerships
Remove Ads and Go Orange
Feedback
Music
Pop Music
The Beatles
Song
Album
Lyrics
Bands
Singers
Artist
Clip
Rock
Rap
Classical
Billboard
Country Music
Kpop
Taylor Swift
Music
Pop Music
The Beatles
Song
Album
Lyrics
Bands
Singers
Artist
Clip
Rock
Rap
Classical
Billboard
Country Music
Kpop
Taylor Swift
Random Quiz
Search Sporcle
×
Quiz Lab
Quiz Lab
Music
Football
Type in answers that appear in a list
Type in answers that appear in a list
Classic
Best Score? Go Orange.
Depeche Mode UK Singles Stats
Can you name the UK singles of Depeche Mode?
By
bigh1982
10m
46 Questions
302 Plays
302 Plays
302 Plays
Comments
Comments
Give Quiz Kudos
Give Quiz Kudos
-
- Ratings
hide this ad
Replay
Link that replays current quiz
Next Quiz
Link to next quiz in quiz playlist
You Got
0%
They Got
Avg Score
72%
Avg Friend Score
Upgrade to see
Score Distribution
Jump to the score distribution portion of the page
Score
0/46
Timer
10:00
0
Plays Today
Year of Release
Song
% Correct
1981
Just Can't Get Enough
98.3%
1990
Enjoy the Silence
97.4%
1989
Personal Jesus
96%
1984
People Are People
93.7%
1986
A Question of Time
91.7%
1984
Master and Servant
90.1%
1986
A Question of Lust
89.7%
1983
Everything Counts
87.7%
1993
I Feel You
85.8%
1981
New Life
85.4%
1984
Blasphemous Rumours
85.4%
1990
Policy of Truth
84.8%
1982
See You
84.4%
1981
Dreaming of Me
84.1%
1987
Strangelove
84.1%
1993
Walking in my Shoes
84.1%
1987
Never Let Me Down Again
83.8%
1986
Stripped
83.4%
1987
Behind the Wheel
81.8%
1997
Barrel of a Gun
79.8%
1985
Shake the Disease
76.5%
1997
It's No Good
74.2%
1990
World in my Eyes
73.5%
Year of Release
Song
% Correct
1983
Get the Balance Right
72.8%
1997
Home
72.2%
1982
Leave in Silence
71.2%
1993
Condemnation
71.2%
1985
It's Called a Heart
70.5%
1988
Little 15
70.2%
1983
Love in Itself
69.9%
1982
The Meaning of Love
68.5%
1997
Useless
68.2%
2006
John the Revelator
67.5%
2009
Wrong
67.5%
2005
Precious
66.6%
1994
In Your Room
65.2%
2001
Dream On
62.9%
2001
I Feel Loved
58.3%
2006
Suffer Well
57.3%
2001
Freelove
56%
1998
Only When I Lose Myself
53.6%
2005
A Pain That I'm Used To
52.3%
2006
Martyr
43.7%
2009
Peace
41.4%
2006
The Darkest Star
17.9%
2009
Oh Well
9.6%
Quiz Playlist
Details
Report
Send in Message
Add To Playlist
Classic:
Type in answers that appear in a list
Last Updated: Apr 11, 2017
Quiz Scoreboard
CHALLENGE
Sign Up to Join the Scoreboard
Show All
Scores
Hide
Comments
May contain spoilers
Recently Published
College Basketball Coaching Resumes
by pancakes188
Sports
9m
Billboard Blitz: Fleetwood Mac
by CooCooCachoo
Music
15s
Presidents Visiting Landmarks
by Hejman
History
7m
More to Explore
Quiz From the Vault
Featured Blog Post
Where Did the Easter Bunny Come From?
hide this ad
You Might Also Like...
Tags
Football Quiz
Song Quiz
chart
depeche
Depeche Mode
highest
mode
release
Single
Today's Top Quizzes in Music
Browse Music
hide this ad
Today's Top Quizzes in Football
Browse Football
Top Contributed Quizzes in Music
1
Taylor Swift All Songs (2024)
2
7-to-1: Billboard Hot 100 #1 Hits of 2010s
3
Guess the Artist- 70s Songs
4
Sorting Albums and Songs
5
Taylor Swift Logic Puzzle
6
KPOP LOGIC QUIZ
7
Guess the Taylor Swift song (Mystery Song)
8
2010s Album by Cover III
9
One Thing in Common: Music
10
Guess The Taylor Swift Lyrics Song #1
Explore More
Trending Topics
Kpop
Crossword
Marvel
Disney
Harry Potter
NBA
Anime
NFL
Soccer
The Office
Pokémon
Puzzle
Song
Country
WWE
hide this ad
More By:
bigh1982
Quiz
Plays
Rating
Category
Featured
Created
Depeche Mode UK Singles
302
4.67
Music
Apr 26, 2011
Kylie Minogue UK Singles
237
4.33
Music
Apr 26, 2011
Name the James Bond Films
170
1.00
Entertainment
Apr 25, 2011
Madonna UK Singles
156
5.00
Music
Apr 25, 2011
Alphabetical English Counties
147
2.33
Geography
Apr 25, 2011
Go to Creator's Profile
Score Distribution
Quiz Creator Spotlight
bigh1982
Follow
Send a Message
Quizzes Created
-
Created Quiz Play Count
-
More By This Creator
Popular Quizzes Today
1
Find the US States - No Outlines Minefield
2
Find the Countries of Europe - No Outlines Minefield
3
The Countries of the World
4
Find the US States
5
Risky Map Clicking: Biggest States A-Z
6
US States
7
Popular People in 1961
8
Movies - When Are They Set?
More Music Quizzes
Rock Song Sorting IV
Published
Trending Quizzes
Risky Map Clicking: Least Populous States A-Z
1-10 Letter G Words
1-10 Letter F Words
Risky Map Clicking: Next State Alphabetically
Risky Map Clicking: Biggest States A-Z
Recently Updated
Leaping Animals
pecheneg
Reality TV Shows (A-Z)
bhenderson79
Rickey Henderson's Hall of Fame Teammates
pecheneg
Champions League XIs: Arsenal
pecheneg
Quick Pick: Celebrities in WWE's Hall of Fame
aduchscher
A-Z Keypad Blitz II
pecheneg
Multiple Oscar Actors
pecheneg
Mystery Phrase Blitz: Oscar 'Best Actors'
pecheneg
F. Scott Fitzgerald Novels
LTH
Pick 3 Villains
ddd62291
Trending Topics
Crossword
Disney
Harry Potter
Anime
NBA
Marvel
Kpop
Pokémon
NFL
Soccer
The Office
Country
Puzzle
WWE
Song
Your Account Isn't Verified!
In order to create a playlist on Sporcle, you need to verify the email address you used during registration. Go to your
Sporcle Settings
to finish the process.
Report this User
Report this user for behavior that violates our
Community Guidelines
.
Details:
Send Report
Go to the Sporcle.com Mobile Site →
Comments